000 00854nam a2200253 i 4500
001 000033324
003 DO-SdBNP
005 20260128073113.0
007 ta
008 110401d1938 dr a 000 0 spa d
040 _aDO-SdBNP
_bspa
_cBNPHU
_erda
041 _aspa
082 4 _axxx
_bC679h
_222
100 1 _aCoiscou Henríquez, Máximo,
_d1876-1973
_eautor
_4aut.
_931075
245 1 0 _aHistoria de Santo Domingo :
_bcontribución a su estudio /
_cMáximo Coiscou Henríquez.
264 1 _aCiudad Trujillo, República Dominicana :
_bEditora Montalvo,
_c1938.
300 _avolumen ;
_c20 cm.
336 _atexto
_btxt
_2rdacontent
337 _asin mediación
_bn
_2rdamedia
338 _avolumen
_bnc
_2rdacarrier
500 _aIncluye referencias bibliográficas y notas al pie de las páginas
590 _aInventariado, 2026/BT
942 _2ddc
_cLBS1
999 _c32815
_d32815